الوارث / (رقم التسجيلة. 245297)

تفاصيل مارك
000 -الفاتح
عناصر البيانات ثابتة الطول 00780cam a2200229 i 4500
005 - تاريخ ووقت آخر معاملة
حقل ضبط 20260205104820.0
008 - عناصر البيانات ثابتة الطول
عناصر البيانات ثابتة الطول 250721s2011 xx gr 000 f ara d
020 ## - الترقيم الدولي المعياري للكتب (ردمك)
الترقيم الدولي المعياري للكتب (ردمك) 9789950850552
082 14 - رقم تصنيف ديوي العشري
رقم التصنيف ق
رقم المادة ب ي د
100 1# - مدخل رئيسي – اسم شخصي
الاسم الشخصي بيدس، خليل
علاقة الشخص بالعمل/ دوره مؤلف.
245 10 - بيان العنوان
العنوان الوارث /
بيان المسؤولية خليل بيدس.
246 10 - الأشكال المختلفة للعنوان
العنوان الفعلي/العنوان المختصر The Heir
264 31 - بيانات النشر، التوزيع…إلخ
مكان النشر، التوزيع...إلخ القدس :
اسم الناشر، الموزع...إلخ الرقمية للنشر والتوزيع الإلكتروني،
تاريخ النشر، التوزيع...إلخ 2011.
300 ## - الوصف المادي
عدد الوحدات المكونة للوعاء 129 صفحة.
490 0# - بيان السلسلة
عنوان السلسلة إعادة إحياء التراث الفلسطيني ؛
رقم الوعاء في السلسلة رقم 1.
500 ## - ملاحظات عامة
ملاحظات عامة أول رواية فلسطينية
650 17 - مدخل إضافي بالموضوع - مصطلح موضوعي
مصطلح موضوعي أو اسم جغرافي كعنصر مدخل الروايات العربية.
650 17 - مدخل إضافي بالموضوع - مصطلح موضوعي
مصطلح موضوعي أو اسم جغرافي كعنصر مدخل الأدب العربي.
650 17 - مدخل إضافي بالموضوع - مصطلح موضوعي
مصطلح موضوعي أو اسم جغرافي كعنصر مدخل فلسطين.
942 ## - بيانات إضافية (كوها)
نوع التنصيف Dewey Decimal Classification
نوع المادة (كوها) كتب
المقتنيات
حالة السحب حالة الفقدان مصدر التصنيف حالة التلف غير قابل للإعارة المكتبة الرئيسية المكتبة الحالية موقع الرف تاريخ التزويد العملة الرقم المتسلسل Total Checkouts رقم الإستدعاء الباركود تاريخ آخر ظهور تاريخ الفاتورة نوع المادة (كوها)
    Dewey Decimal Classification     المكتبة المركزية المكتبة المركزية الإعارة 05/02/2026 JOD 1544128   ق / ب ي د PLD00265561 05/02/2026 05/02/2026 كتب
Implemented & Customized by: BBB with SCIT (Smart Chains for Information Technology)

Powered by Koha